<?xml version="1.0" encoding="UTF-8"?>
<record
    xmlns:xsi="http://www.w3.org/2001/XMLSchema-instance"
    xsi:schemaLocation="http://www.loc.gov/MARC21/slim http://www.loc.gov/standards/marcxml/schema/MARC21slim.xsd"
    xmlns="http://www.loc.gov/MARC21/slim">

  <leader>02416nam a2200289 a 4500</leader>
  <datafield tag="999" ind1=" " ind2=" ">
    <subfield code="c">2866</subfield>
    <subfield code="d">2866</subfield>
  </datafield>
  <controlfield tag="006">a||||gr|||| 001 0 </controlfield>
  <controlfield tag="007">ta</controlfield>
  <controlfield tag="008">180615t20182021ii a   grb    001 0 eng d</controlfield>
  <datafield tag="020" ind1=" " ind2=" ">
    <subfield code="a">9789352807383</subfield>
    <subfield code="c">Rs. 995.00</subfield>
  </datafield>
  <datafield tag="040" ind1=" " ind2=" ">
    <subfield code="a">KO</subfield>
    <subfield code="b">eng</subfield>
  </datafield>
  <datafield tag="041" ind1="0" ind2=" ">
    <subfield code="a">eng</subfield>
  </datafield>
  <datafield tag="044" ind1=" " ind2=" ">
    <subfield code="a">ii</subfield>
  </datafield>
  <datafield tag="082" ind1="0" ind2="0">
    <subfield code="2">23</subfield>
    <subfield code="a">658.8</subfield>
    <subfield code="b">R1418</subfield>
  </datafield>
  <datafield tag="100" ind1="1" ind2=" ">
    <subfield code="a">Ramaswamy, V. S.</subfield>
  </datafield>
  <datafield tag="245" ind1="1" ind2="0">
    <subfield code="a">Marketing management :</subfield>
    <subfield code="b">Indian context, global perspective /</subfield>
  </datafield>
  <datafield tag="250" ind1=" " ind2=" ">
    <subfield code="a">6th Ed.</subfield>
  </datafield>
  <datafield tag="260" ind1=" " ind2=" ">
    <subfield code="a">New Delhi :</subfield>
    <subfield code="b">Sage Publications India Pvt Ltd,</subfield>
    <subfield code="c">2018, reprinted 2021</subfield>
  </datafield>
  <datafield tag="300" ind1=" " ind2=" ">
    <subfield code="a">xlix, 798 p. :</subfield>
    <subfield code="b">col. ill. ;</subfield>
    <subfield code="c">28 cm.</subfield>
  </datafield>
  <datafield tag="504" ind1=" " ind2=" ">
    <subfield code="a">Includes bibliographical references and index.</subfield>
  </datafield>
  <datafield tag="505" ind1="0" ind2=" ">
    <subfield code="a">Understanding marketing as a value delivering task -- Studying marketing environment -- Contemporary Indian marketing environment -- Developing marketing strategy and plans -- Strategic planning at corporate level and marketing planning at business level -- Formulating marketing strategy -- Analysing industry and competition -- Differentiating and positioning the market offering -- Analysing consumers and selecting markets -- Consumer behaviour and buying-decision process -- The Indian consumer -- Segmentation and targeting for maximising customer value -- Creating customer value : managing the product -- Product management : the fundamentals -- Managing brands and building brand equity -- Introducing new products and innovations -- Marketing of services -- Delivering customer value : managing distribution -- Managing distribution logistics -- Designing and managing marketing channels -- Retailing : perspective of the retailer/retail chain -- Direct marketing and digital marketing -- Communicating customer value : integrated marketing communications -- Managing mass communications : advertising, sales promotion and digital communications -- Managing personal communications : personal selling and sales management -- Customer relations management (CRM) -- Capturing customer value -- Pricing -- Supporting and controlling the marketing effort -- MIS and marketing research -- Demand forecasting and marketing control -- A special field in Indian marketing -- Rural marketing in India : potential, challenges and strategies -- Notes -- References -- Index.</subfield>
  </datafield>
  <datafield tag="650" ind1=" " ind2="0">
    <subfield code="a">Marketing</subfield>
    <subfield code="z">India</subfield>
    <subfield code="x">Management</subfield>
  </datafield>
  <datafield tag="700" ind1="1" ind2=" ">
    <subfield code="a">Namakumari, S.</subfield>
    <subfield code="e">aut</subfield>
  </datafield>
  <datafield tag="852" ind1=" " ind2=" ">
    <subfield code="a">KO</subfield>
  </datafield>
  <datafield tag="904" ind1=" " ind2=" ">
    <subfield code="a">RUDRA_R</subfield>
  </datafield>
  <datafield tag="905" ind1=" " ind2=" ">
    <subfield code="a">R_RANJAN</subfield>
  </datafield>
  <datafield tag="942" ind1=" " ind2=" ">
    <subfield code="c">BK</subfield>
  </datafield>
  <datafield tag="952" ind1=" " ind2=" ">
    <subfield code="0">0</subfield>
    <subfield code="1">0</subfield>
    <subfield code="2">ddc</subfield>
    <subfield code="4">0</subfield>
    <subfield code="6">658_800000000000000_R1418</subfield>
    <subfield code="7">0</subfield>
    <subfield code="8">MANS</subfield>
    <subfield code="9">7602</subfield>
    <subfield code="a">KO</subfield>
    <subfield code="b">KO</subfield>
    <subfield code="c">GEN</subfield>
    <subfield code="d">2024-03-18</subfield>
    <subfield code="e">M/s Technical Bureau India Pvt Ltd. (Inv. No. TB4115 Dt. 07-03-2024)</subfield>
    <subfield code="g">995.00</subfield>
    <subfield code="l">1</subfield>
    <subfield code="o">658.8 R1418</subfield>
    <subfield code="p">BK006345</subfield>
    <subfield code="r">2026-01-23</subfield>
    <subfield code="s">2025-07-25</subfield>
    <subfield code="y">BK</subfield>
    <subfield code="z">Gen. Shelf-39, Row-4</subfield>
  </datafield>
  <datafield tag="952" ind1=" " ind2=" ">
    <subfield code="0">0</subfield>
    <subfield code="1">0</subfield>
    <subfield code="2">ddc</subfield>
    <subfield code="4">0</subfield>
    <subfield code="6">658_800000000000000_R1418</subfield>
    <subfield code="7">0</subfield>
    <subfield code="8">MANS</subfield>
    <subfield code="9">7603</subfield>
    <subfield code="a">KO</subfield>
    <subfield code="b">KO</subfield>
    <subfield code="c">GEN</subfield>
    <subfield code="d">2024-03-25</subfield>
    <subfield code="e">M/s Technical Bureau India Pvt Ltd. (Inv. No. TB4336 Dt. 18-03-2024)</subfield>
    <subfield code="g">995.00</subfield>
    <subfield code="o">658.8 R1418</subfield>
    <subfield code="p">BK006503</subfield>
    <subfield code="r">2024-04-17</subfield>
    <subfield code="y">BK</subfield>
    <subfield code="z">Gen. Shelf-39, Row-4</subfield>
  </datafield>
  <datafield tag="952" ind1=" " ind2=" ">
    <subfield code="0">0</subfield>
    <subfield code="1">0</subfield>
    <subfield code="2">ddc</subfield>
    <subfield code="4">0</subfield>
    <subfield code="6">658_800000000000000_R1418</subfield>
    <subfield code="7">0</subfield>
    <subfield code="8">MANS</subfield>
    <subfield code="9">7604</subfield>
    <subfield code="a">KO</subfield>
    <subfield code="b">KO</subfield>
    <subfield code="c">GEN</subfield>
    <subfield code="d">2024-03-25</subfield>
    <subfield code="e">M/s Technical Bureau India Pvt Ltd. (Inv. No. TB4336 Dt. 18-03-2024)</subfield>
    <subfield code="g">995.00</subfield>
    <subfield code="l">2</subfield>
    <subfield code="o">658.8 R1418</subfield>
    <subfield code="p">BK006504</subfield>
    <subfield code="r">2025-12-16</subfield>
    <subfield code="s">2025-11-21</subfield>
    <subfield code="y">BK</subfield>
    <subfield code="z">Gen. Shelf-39, Row-4</subfield>
  </datafield>
  <datafield tag="952" ind1=" " ind2=" ">
    <subfield code="0">0</subfield>
    <subfield code="1">0</subfield>
    <subfield code="2">ddc</subfield>
    <subfield code="4">0</subfield>
    <subfield code="6">658_800000000000000_R1418</subfield>
    <subfield code="7">0</subfield>
    <subfield code="8">MANS</subfield>
    <subfield code="9">7605</subfield>
    <subfield code="a">KO</subfield>
    <subfield code="b">KO</subfield>
    <subfield code="c">GEN</subfield>
    <subfield code="d">2024-03-25</subfield>
    <subfield code="e">M/s Technical Bureau India Pvt Ltd. (Inv. No. TB4336 Dt. 18-03-2024)</subfield>
    <subfield code="g">995.00</subfield>
    <subfield code="l">1</subfield>
    <subfield code="o">658.8 R1418</subfield>
    <subfield code="p">BK006505</subfield>
    <subfield code="r">2025-09-16</subfield>
    <subfield code="s">2025-09-10</subfield>
    <subfield code="y">BK</subfield>
    <subfield code="z">Gen. Shelf-39, Row-4</subfield>
  </datafield>
  <datafield tag="952" ind1=" " ind2=" ">
    <subfield code="0">0</subfield>
    <subfield code="1">0</subfield>
    <subfield code="2">ddc</subfield>
    <subfield code="4">0</subfield>
    <subfield code="6">658_800000000000000_R1418</subfield>
    <subfield code="7">0</subfield>
    <subfield code="8">MANS</subfield>
    <subfield code="9">7606</subfield>
    <subfield code="a">KO</subfield>
    <subfield code="b">KO</subfield>
    <subfield code="c">GEN</subfield>
    <subfield code="d">2024-03-25</subfield>
    <subfield code="e">M/s Technical Bureau India Pvt Ltd. (Inv. No. TB4336 Dt. 18-03-2024)</subfield>
    <subfield code="g">995.00</subfield>
    <subfield code="l">3</subfield>
    <subfield code="o">658.8 R1418</subfield>
    <subfield code="p">BK006506</subfield>
    <subfield code="r">2025-09-24</subfield>
    <subfield code="s">2025-09-16</subfield>
    <subfield code="y">BK</subfield>
    <subfield code="z">Gen. Shelf-39, Row-4</subfield>
  </datafield>
  <datafield tag="952" ind1=" " ind2=" ">
    <subfield code="0">0</subfield>
    <subfield code="1">0</subfield>
    <subfield code="2">ddc</subfield>
    <subfield code="4">0</subfield>
    <subfield code="6">658_800000000000000_R1418</subfield>
    <subfield code="7">0</subfield>
    <subfield code="8">MANS</subfield>
    <subfield code="9">7607</subfield>
    <subfield code="a">KO</subfield>
    <subfield code="b">KO</subfield>
    <subfield code="c">GEN</subfield>
    <subfield code="d">2024-03-25</subfield>
    <subfield code="e">M/s Technical Bureau India Pvt Ltd. (Inv. No. TB4336 Dt. 18-03-2024)</subfield>
    <subfield code="g">995.00</subfield>
    <subfield code="l">1</subfield>
    <subfield code="o">658.8 R1418</subfield>
    <subfield code="p">BK006507</subfield>
    <subfield code="r">2024-08-14</subfield>
    <subfield code="s">2024-08-14</subfield>
    <subfield code="y">BK</subfield>
    <subfield code="z">Gen. Shelf-39, Row-4</subfield>
  </datafield>
  <datafield tag="952" ind1=" " ind2=" ">
    <subfield code="0">0</subfield>
    <subfield code="1">0</subfield>
    <subfield code="2">ddc</subfield>
    <subfield code="4">0</subfield>
    <subfield code="6">658_800000000000000_R1418</subfield>
    <subfield code="7">0</subfield>
    <subfield code="8">MANS</subfield>
    <subfield code="9">7608</subfield>
    <subfield code="a">KO</subfield>
    <subfield code="b">KO</subfield>
    <subfield code="c">GEN</subfield>
    <subfield code="d">2024-03-25</subfield>
    <subfield code="e">M/s Technical Bureau India Pvt Ltd. (Inv. No. TB4336 Dt. 18-03-2024)</subfield>
    <subfield code="g">995.00</subfield>
    <subfield code="o">658.8 R1418</subfield>
    <subfield code="p">BK006508</subfield>
    <subfield code="r">2024-04-17</subfield>
    <subfield code="y">BK</subfield>
    <subfield code="z">Gen. Shelf-39, Row-4</subfield>
  </datafield>
  <datafield tag="952" ind1=" " ind2=" ">
    <subfield code="0">0</subfield>
    <subfield code="1">0</subfield>
    <subfield code="2">ddc</subfield>
    <subfield code="4">0</subfield>
    <subfield code="6">658_800000000000000_R1418</subfield>
    <subfield code="7">0</subfield>
    <subfield code="8">MANS</subfield>
    <subfield code="9">7609</subfield>
    <subfield code="a">KO</subfield>
    <subfield code="b">KO</subfield>
    <subfield code="c">GEN</subfield>
    <subfield code="d">2024-03-25</subfield>
    <subfield code="e">M/s Technical Bureau India Pvt Ltd. (Inv. No. TB4336 Dt. 18-03-2024)</subfield>
    <subfield code="g">995.00</subfield>
    <subfield code="o">658.8 R1418</subfield>
    <subfield code="p">BK006509</subfield>
    <subfield code="r">2024-04-17</subfield>
    <subfield code="y">BK</subfield>
    <subfield code="z">Gen. Shelf-39, Row-4</subfield>
  </datafield>
  <datafield tag="952" ind1=" " ind2=" ">
    <subfield code="0">0</subfield>
    <subfield code="1">0</subfield>
    <subfield code="2">ddc</subfield>
    <subfield code="4">0</subfield>
    <subfield code="6">658_800000000000000_R1418</subfield>
    <subfield code="7">0</subfield>
    <subfield code="8">MANS</subfield>
    <subfield code="9">7610</subfield>
    <subfield code="a">KO</subfield>
    <subfield code="b">KO</subfield>
    <subfield code="c">GEN</subfield>
    <subfield code="d">2024-03-25</subfield>
    <subfield code="e">M/s Technical Bureau India Pvt Ltd. (Inv. No. TB4336 Dt. 18-03-2024)</subfield>
    <subfield code="g">995.00</subfield>
    <subfield code="o">658.8 R1418</subfield>
    <subfield code="p">BK006510</subfield>
    <subfield code="r">2024-04-17</subfield>
    <subfield code="y">BK</subfield>
    <subfield code="z">Gen. Shelf-39, Row-4</subfield>
  </datafield>
  <datafield tag="952" ind1=" " ind2=" ">
    <subfield code="0">0</subfield>
    <subfield code="1">0</subfield>
    <subfield code="2">ddc</subfield>
    <subfield code="4">0</subfield>
    <subfield code="6">658_800000000000000_R1418</subfield>
    <subfield code="7">0</subfield>
    <subfield code="8">MANS</subfield>
    <subfield code="9">7611</subfield>
    <subfield code="a">KO</subfield>
    <subfield code="b">KO</subfield>
    <subfield code="c">GEN</subfield>
    <subfield code="d">2024-03-25</subfield>
    <subfield code="e">M/s Technical Bureau India Pvt Ltd. (Inv. No. TB4336 Dt. 18-03-2024)</subfield>
    <subfield code="g">995.00</subfield>
    <subfield code="o">658.8 R1418</subfield>
    <subfield code="p">BK006511</subfield>
    <subfield code="r">2024-04-17</subfield>
    <subfield code="y">BK</subfield>
    <subfield code="z">Gen. Shelf-39, Row-4</subfield>
  </datafield>
</record>
